| 000 | 00778cam a2200241 4500 | ||
|---|---|---|---|
| 999 |
_c17576 _d17576 |
||
| 001 | 4601050 | ||
| 005 | 20161128095636.0 | ||
| 008 | 720315s1972 ilua b 001 0 eng | ||
| 010 | _a 76182042 | ||
| 020 | _a087345068X | ||
| 040 |
_aDLC _cDLC _dDLC |
||
| 050 | 0 | 0 |
_aNA2540.S6 1972 _b.S6 1972 |
| 100 | 1 |
_aSpence, William Perkins, _d1925- |
|
| 245 | 0 | 0 |
_aArchitecture: design, engineering, drawing _c[by] William P. Spence. |
| 250 | _a[2d ed.] | ||
| 260 |
_aBloomington, Ill., _bMcKnight & McKnight _c[1972] |
||
| 300 |
_axvi, 636 p. _billus. _c27 cm. |
||
| 504 | _aBibliography: p. 618-622. | ||
| 650 | 0 |
_aArchitecture _xHandbooks, manuals, etc. |
|
| 906 |
_a7 _bcbc _corignew _d2 _encip _f19 _gy-gencatlg |
||
| 942 |
_2lcc _cBOOKS _hNA2540.S6 1972 |
||